La Nueva institucionalidad para el desarrollo rural: consideraciones para su construcción /
Tallennettuna:
| Päätekijä: | |
|---|---|
| Aineistotyyppi: | Teksti |
| Tagit: |
Lisää tagi
Ei tageja, Lisää ensimmäinen tagi!
|
MARC
| LEADER | 00000 a a2200000 04500 | ||
|---|---|---|---|
| 001 | 12585 | ||
| 003 | |||
| 040 | |||
| 100 | |a Trejos, Rafael A | ||
| 245 | |a La Nueva institucionalidad para el desarrollo rural: consideraciones para su construcción / |c Rafael A Trejos | ||
| 773 | |g volumen 2, número 2; páginas 7-25 | ||
| 999 | |c 36746 |d 36746 | ||
